Introducción al pensamiento político de Gramsci / (Record no. 184487)

MARC details
000 -LEADER
campo de control de longitud fija 01163nam a2200277 i 4500
001 - NÚMERO DE CONTROL
campo de control 184487
003 - IDENTIFICADOR DE NÚMERO DE CONTROL
campo de control ES-MaACL
005 - FECHA Y HORA DE LA ÚLTIMA TRANSACCIÓN
campo de control 20250801131228.0
008 - DATOS DE LONGITUD FIJA--INFORMACIÓN GENERAL
campo de control de longitud fija 150911s2007 sp |||| |bspa d
020 ## - NÚMERO INTERNACIONAL ESTÁNDAR DEL LIBRO
Número Internacional Estándar del Libro 84-609-6531-7
080 ## - NÚMERO DE LA CLASIFICACIÓN DECIMAL UNIVERSAL
Número de la Clasificación Decimal Universal 32:929 Gramsci, Antonio
100 1# - ENTRADA PRINCIPAL--NOMBRE DE PERSONA
Nombre de persona Laso, José María (
Fechas asociadas al nombre 1926-2009)
9 (RLIN) 70452
245 10 - MENCIÓN DEL TÍTULO
Título Introducción al pensamiento político de Gramsci /
Mención de responsabilidad, etc. por José María Laso ; introducción de Gustavo Bueno :
Resto del título El "materialismo histórico" de Gramsci como teoría del "Espíritu objetivo".
250 ## - MENCION DE EDICION
Mención de edición 3ª ed.
260 ## - PUBLICACIÓN, DISTRIBUCIÓN, ETC.
Lugar de publicación, distribución, etc. Gijón :
Nombre del editor, distribuidor, etc. Asociación Cultural Wenceslao Roces,
Fecha de publicación, distribución, etc. 2007.
300 ## - DESCRIPCIÓN FÍSICA
Extensión 56 p. ;
Dimensiones 21 cm.
490 1# - MENCIÓN DE SERIE
Mención de serie Ediciones popular ;
Designación de volumen o secuencia 8
600 14 - PUNTO DE ACCESO ADICIONAL DE MATERIA--NOMBRE DE PERSONA
Nombre de persona Gramsci, Antonio,
Fechas asociadas al nombre 1891-1937-
Subdivisión general Pensamiento político
9 (RLIN) 172020
650 00 - PUNTO DE ACCESO ADICIONAL DE MATERIA--TÉRMINO DE MATERIA
Término de materia o nombre geográfico como elemento de entrada Marxismo.
9 (RLIN) 14803
700 1# - ENTRADA AGREGADA--NOMBRE PERSONAL
Nombre de persona Bueno, Gustavo,
Fechas asociadas al nombre 1924-2016
9 (RLIN) 160678
710 2# - ENTRADA AGREGADA--NOMBRE DE ENTIDAD CORPORATIVA
Nombre de entidad corporativa o nombre de jurisdicción como elemento de entrada Asociación Cultural Wenceslao Roces.
9 (RLIN) 157442
740 42 - ENTRADA AGREGADA--TÍTULO RELACIONADO/ANALÍTICO NO CONTROLADO
Título relacionado o analítico no controlado El "materialismo histórico" de Gramsci como teoría del "Espíritu objetivo"
830 1# - PUNTO DE ACCESO ADICIONAL DE SERIE-TÍTULO UNIFORME
Título uniforme Ediciones popular ;
Designación de volumen o secuencia 8
9 (RLIN) 225079
852 ## - LOCALIZACIÓN
Ubicación ES-MaACL
Número de control de estantería 2332-F-26
Nota libre - Donat. Carlos París
Holdings
Estatus retirado Estado de pérdida Estado de daño No para préstamo Colección Biblioteca de origen Biblioteca actual Ubicación en estantería Fecha de adquisición Fuente de adquisición Total de préstamos Signatura topográfica completa Código de barras Visto por última vez Precio de reemplazo Tipo de ítem Koha
        Colección de folletos Biblioteca del Ateneo de Madrid Biblioteca del Ateneo de Madrid Depósito folletos 11/09/2015     2332-F-26 1194166 23/02/2023 23/02/2023 Folleto